Úhrada dane, preplatky a nedoplatky dane
Povinnosť daňového subjektu uhrádzať dane na vlastné, základné číslo účtu. Označenie platby správnym variabilným symbolom. Daňový preplatok a daňový nedoplatok.
Gespeichert in:
| 1. Verfasser: | |
|---|---|
| Format: | Buchkapitel |
| Sprache: | Slowakisch |
| Schlagworte: | |
| Tags: |
Keine Tags, Fügen Sie das erste Tag hinzu!
|
MARC
| LEADER | 00000nla a2200000 4500 | ||
|---|---|---|---|
| 001 | 0206901 | ||
| 005 | 20240502073433.3 | ||
| 041 | 0 | |a slo | |
| 044 | |a SK | ||
| 245 | 1 | 0 | |a Úhrada dane, preplatky a nedoplatky dane |c Jana Kušnírová |
| 520 | |a Povinnosť daňového subjektu uhrádzať dane na vlastné, základné číslo účtu. Označenie platby správnym variabilným symbolom. Daňový preplatok a daňový nedoplatok. | ||
| 610 | 2 | 0 | |a dane |
| 610 | 2 | 0 | |a preplatky |
| 610 | 2 | 0 | |a nedoplatky |
| 610 | 2 | 0 | |a daňovníci |
| 610 | 2 | 0 | |a účty |
| 100 | 1 | |a Kušnírová, Jana, 1977- | |